Az Alnatura GmbH. társadalmi felelősségvállalásának bemutatása

Bibliográfiai részletek
Szerző: Mészáros Andrea
További közreműködők: Németh Dr. Patrícia
Dokumentumtípus: Diplomadolgozat
Kulcsszavak:CSR, Alnatura GmbH.
német vállalat
társadalmi felelősségvállalás
fenntarthatóság
Online Access:http://dolgozattar.uni-bge.hu/7582

MARC

LEADER 00000nta a2200000 i 4500
001 dolg7582
005 20161124135853.0
008 161005suuuu hu om 000 hun d
040 |a BGE Dolgozattár Repozitórium  |b hun 
041 |a hu 
100 1 |a Mészáros Andrea 
245 1 3 |a Az Alnatura GmbH. társadalmi felelősségvállalásának bemutatása  |c Mészáros Andrea  |h [elektronikus dokumentum] 
695 |a CSR, Alnatura GmbH. 
695 |a német vállalat 
695 |a társadalmi felelősségvállalás 
695 |a fenntarthatóság 
700 1 |a Németh Dr. Patrícia  |e ths 
856 4 0 |u http://dolgozattar.uni-bge.hu/7582/1/Az%20Alnatura%20GmbH.%20t%C3%A1rsadalmi%20felel%C5%91ss%C3%A9gv%C3%A1llal%C3%A1s%C3%A1nak%20bemutat%C3%A1sa.pdf  |z Dokumentum-elérés